Представление документа в формате MARC21

Поле Инд. ПП Название Значение
Тип записи a
Библиографический уровень s
001 Контрольный номер RU/IS/BASE/403800858
005 Дата корректировки 20260126080021.4
008 Кодируемые данные 20121017
022 0_ a ISSN 0130-0075
084 a Индекс другой классификации/Индекс ББК 80; 81; 83
090 a Полочн. индекс Сводное описание журнала
245 10 a Заглавие Вестник Московского университета. Серия 9, Филология
b Продолж. заглавия научный журнал
c Ответственность учредитель: МГУ им. М. В. Ломоносова. Филологический факультет; гл. ред. М. Л. Ремнева
260 b Издательство Издательство Московского университета
a Место издания Москва
300 a Объем 256 с.
310 a Периодичность в н.в. 6 раз в год
362 1_ a Даты публикации или номер тома 1995 -
500 a Примечание Журнал, основан в ноябре 1946 года, выходит отдельной серией с 1965 года
520 0_ a Аннотация Научный журнал, основанный в 1946 году, публикует статьи, материалы и сообщения по филологическим наукам, информирует о новостях научной жизни. Среди авторов журнала профессора, научные сотрудники, аспиранты филологического факультета МГУ и других вузов. До 1959 г. выходил в составе "Историко-филологической серии", в составе серии "Филология, журналистика"); с 1965 г. - как отдельная серия «Вестника Московского университета» (до 1976 г. как «Серия 10. Филология»). Журнал включен в перечень ВАК
540 a Правовые условия Бесплатный доступ с регистрацией
b Поставщик/Провайдер eLIBRARY
540 a Правовые условия Открытый доступ
b Поставщик/Провайдер Вестник Московского университета. Серия 9, Филология
c Источник права лицензия Creative Commons
540 b Поставщик/Провайдер Библиотека
c Источник права печатная подписка
650 14 a Основная рубрика филологические науки; языкознание; литературоведение; фольклор
856 40 u URL https://elibrary.ru/contents.asp?id=34553714
y Справочный текст Электронная версия
a Имя сервера/домена Научная электронная библиотека eLIBRARY.RU
d Путь http://elibrary.ru
i Указания/сценарий входа Доступ после регистрации на компьютерах университета
z Примечание для пользователя Архив с 2008 г. по настоящее время
856 40 a Имя сервера/домена Вестник Московского университета. Серия 9, Филология
d Путь https://vestnik.philol.msu.ru/
u URL https://vestnik.philol.msu.ru/
z Примечание для пользователя Архив с 2013 г. по настоящее время
y Справочный текст Электронная версия
i Указания/сценарий входа Открытый доступ
900 a Имя электронного ресурса obl_vestnik_MGU_Filologia
x Справочная информация Обложка
901 t Тип документа u
952 a Тип литературы для КСУ ВШ НЖ
991 s 6